000
00262nam a2200109Ia 4500
008
200302s9999 xx 000 0 und d
100
_a
C. A. Doxiadis
245
_a
Architectural Space in Ancient Greece
260
_b
The Mit Press
260
_c
1972
300
_a
184 P.,
999
_c
45
_d
45